000 00820cam a2200193 i 4500
005 20251111123512.0
008 250721s2004 ua gr 000 0 ara d
082 1 4 _a158.7
_bع ل ي
100 1 _aعلي، صبرة محمد
_eمؤلف.
245 1 0 _aسيكولوجية الصناعة :
_b( أسسه و تنظيماته ) /
_cالأستاذ الدكتور صبره محمد علي، الدكتور أشرف محمد عبد الغني شريت.
264 3 1 _aالإسكندرية :
_bدار المعرفة الجامعية،
_c2004.
300 _a374 صفحة.
650 1 7 _aعلم النفس الصناعي.
650 1 7 _aإدارة الأفراد.
650 1 7 _aظروف العمل.
700 1 _aشريت، أشرف محمد عبد الغني
_eمؤلف.
942 _2ddc
_cBK
999 _c102510
_d102510